LIBRARY & INFORMATION CENTRE, KCAET, TAVANUR

ONLINE PUBLIC ACCESS CATALOGUE (OPAC)

Socialist thought: Marxism and Anarchism 1850-1890 / (Record no. 11170)

MARC details
000 -LEADER
fixed length control field 00392cam a2200145ua 4500
041 ## - LANGUAGE CODE
Language code of text/sound track or separate title eng
082 ## - DEWEY DECIMAL CLASSIFICATION NUMBER
Classification number 335
Item number COL/SO
100 ## - MAIN ENTRY--AUTHOR NAME
Personal name Cole, G D H .
245 ## - TITLE STATEMENT
Title Socialist thought: Marxism and Anarchism 1850-1890 /
260 ## - PUBLICATION, DISTRIBUTION, ETC. (IMPRINT)
Place of publication London :
Name of publisher MacMillan and Company Limited ,
Year of publication 1961.
300 ## - PHYSICAL DESCRIPTION
Number of Pages 482 ; .
942 ## - ADDED ENTRY ELEMENTS (KOHA)
Koha item type Books
Holdings
Withdrawn status Lost status Damaged status Home library Current library Date acquired Full call number Accession Number Koha item type
Withdrawn     KAUAET Sanskrit University 07/04/2012 335 5924 Books
free website counter